Metylakoholová aféra, prohibice a její dopad na podnikání, ekonomiku a legislativu
Metanolová aféra a jej negatívne dopady na podnikateľské prostredie Českej republiky. Spotrebná daň z liehu. Daňové úniky pri dovoze a výrobe liehu. Prohibícia a jej ekonomický dopad na štátny rozpočet. Prohibícia a jej dopad na ekonomiku podnikov. Dopady metanolovej aféry na zmenu legislatívy.
Saved in:
| Main Author: | |
|---|---|
| Format: | Book Chapter |
| Language: | Czech |
| Subjects: | |
| Tags: |
No Tags, Be the first to tag this record!
|
MARC
| LEADER | 00000naa a2200000 4500 | ||
|---|---|---|---|
| 001 | 0172176 | ||
| 005 | 20231128085620.9 | ||
| 041 | 0 | |a cze | |
| 044 | |a SK | ||
| 245 | 1 | 0 | |a Metylakoholová aféra, prohibice a její dopad na podnikání, ekonomiku a legislativu |c Jiří Honka |
| 520 | |a Metanolová aféra a jej negatívne dopady na podnikateľské prostredie Českej republiky. Spotrebná daň z liehu. Daňové úniky pri dovoze a výrobe liehu. Prohibícia a jej ekonomický dopad na štátny rozpočet. Prohibícia a jej dopad na ekonomiku podnikov. Dopady metanolovej aféry na zmenu legislatívy. | ||
| 610 | 2 | 0 | |a nápoje alkoholické |
| 610 | 2 | 0 | |a výroba |
| 610 | 2 | 0 | |a predaj |
| 610 | 2 | 0 | |a podvody |
| 610 | 2 | 0 | |a dane spotrebné |
| 610 | 2 | 0 | |a rozpočty |
| 610 | 2 | 0 | |a legislatíva |
| 610 | 2 | 0 | |a Česko |
| 100 | 1 | |a Honka, Jiří | |